000 00307nam a2200109Ia 4500
008 200302s9999 xx 000 0 und d
100 _aMartin bechthold and others
245 _aCeramic material systems in Architecture and interior design
260 _bBirkhauser Verlag Gmbh
260 _c2015
300 _a221
999 _c6176
_d6176